banner koha

Resistencia de cultivares de trigo em experimentacao ou cultivo no Rio Grande do Sul, as principais doencas fungicas [Fusariose; Septoriose; Brasil] (Registro n. 93985)

MARC details
000 -LÍDER
campo de controle de tamanho fixo 01043nas a2200313 4500
001 - NÚMERO DE CONTROLE
campo de controle BR7405929
003 - IDENTIFICADOR DO NÚMERO DE CONTROLE
campo de controle BR-BrBNA
005 - DATA E HORÁRIO DA ÚLTIMA TRANSAÇÃO
campo de controle 20231205082738.0
007 - CAMPO FIXO DE DESCRIÇÃO FÍSICA--INFORMAÇÃO GERAL
campo de controle de tamanho fixo ta
008 - CAMPO DE DADOS FIXOS--INFORMAÇÃO GERAL
campo de controle de tamanho fixo 230509b bl.|||p| |||| 00| 00por d
040 ## - FONTE DA CATALOGAÇÃO
Instituição da catalogação original BR-BrBNA
Idioma da catalogação por
Instituição que transcreveu o registro Biblioteca Nacional de Agricultura
041 ## - CÓDIGO DE IDIOMA
Código do idioma do texto/trilha sonora ou título diferente (Pt)
072 ## - CÓDIGO DE CATEGORIA DE ASSUNTO
Código de Categoria de Assunto H20
100 1# - ENTRADA PRINCIPAL--NOME PESSOAL
Nome pessoal Schramm, W.
100 1# - ENTRADA PRINCIPAL--NOME PESSOAL
Nome pessoal Fulco, W.S.
100 1# - ENTRADA PRINCIPAL--NOME PESSOAL
Nome pessoal Soares, M.H.G.
100 1# - ENTRADA PRINCIPAL--NOME PESSOAL
Nome pessoal Almeida, A.M.P.
111 1# - ENTRADA PRINCIPAL--NOME DO EVENTO
Nome do evento ou lugar 5. Reuniao Anual Conjunta de Pesquisa de Trigo
Local do evento Porto Alegre, RS (Brazil)
Data do evento ou assinatura do tratado Apr 1973
245 1# - TÍTULO
Título Resistencia de cultivares de trigo em experimentacao ou cultivo no Rio Grande do Sul, as principais doencas fungicas [Fusariose; Septoriose; Brasil]
650 ## - ASSUNTO--TERMO TÓPICO
Cabeçalho tópico ou nome geográfico Doenca de planta
650 ## - ASSUNTO--TERMO TÓPICO
Cabeçalho tópico ou nome geográfico Trigo
650 ## - ASSUNTO--TERMO TÓPICO
Cabeçalho tópico ou nome geográfico Fusariose
650 ## - ASSUNTO--TERMO TÓPICO
Cabeçalho tópico ou nome geográfico Septoriose
650 ## - ASSUNTO--TERMO TÓPICO
Cabeçalho tópico ou nome geográfico Variedade resistente
650 ## - ASSUNTO--TERMO TÓPICO
Cabeçalho tópico ou nome geográfico Rio Grande do Sul
773 0# - ENTRADA ANALÍTICA
Título Agronomia Sulriograndense (Brazil)
ISSN - International Standard Serial Number ISSN 0400-8111
Partes relacionadas (1974), v. 10(1) p. 31-52
Número de controle do registro BR7405929
909 ## -
-- 202311
-- Lúcia
-- 55
-- Lúcia Elande
942 ## - ELEMENTOS DE ENTRADA ADICIONADOS (KOHA)
Fonte da classificação ou esquema de arquivamento na estante Classificação AGRIS
Ocultar no OPAC Não
Tipo de material Koha Analítica
Exemplares
Situação do descarte Fonte da classificação ou esquema de arquivamento na estante Situação física Não pode ser emprestado Biblioteca de origem Biblioteca atual Localização na estante Enumeração do periódico / cronologia Total de empréstimos Data de último acesso Número do exemplar Tipo de material Koha Fonte de aquisição
  Classificação AGRIS   Consulta local Biblioteca Nacional de Agricultura - Binagri Biblioteca Nacional de Agricultura - Binagri   (1974), v. 10(1) p. 31-52   29/11/2023 01 Periódicos Portaria Interministerial nº 164/94

BINAGRI

Telefone: (61)3218-2567/2388/3357/2097 - binagri@agro.gov.br

Ministério da Agricultura e Pecuária , Esplanada dos Ministérios, Bloco D, Anexo B, Brasília/DF, CEP: 70.043-900